Normal view
MARC view
Entry Personal Name
001 - CONTROL NUMBER
- control field: 34722
003 - CONTROL NUMBER IDENTIFIER
- control field: OSt
005 - DATE AND TIME OF LATEST TRANSACTION
- control field: 20221226152659.0
008 - FIXED-LENGTH DATA ELEMENTS
- fixed length control field: 221226|| aca||aabn | a|a d
040 ## - CATALOGING SOURCE
- Original cataloging agency: OSt
- Transcribing agency: OSt
100 ## - HEADING--PERSONAL NAME
- Personal name: Ghosh, Santanu
670 ## - SOURCE DATA FOUND
- Source citation: Work cat.: (OSt)520679: Ghosh, Santanu , Formalization or informalization of work? A simple industrial organization approach
